Iconografía de gobernantes de la Nueva España tomada de la colección que se conserva en el salón de cabildos de Palacio municipal de la ciudad de México. (Record no. 82652)

MARC details
000 -LEADER
campo de control de longitud fija 00507nam a2200145 i 4500
001 - NÚMERO DE CONTROL
campo de control 82652
003 - IDENTIFICADOR DE NÚMERO DE CONTROL
campo de control ES-MaACL
005 - FECHA Y HORA DE LA ÚLTIMA TRANSACCIÓN
campo de control 20230906174718.0
007 - CAMPO FIJO DE DESCRIPCIÓN FÍSICA--INFORMACIÓN GENERAL
campo de control de longitud fija t|
008 - DATOS DE LONGITUD FIJA--INFORMACIÓN GENERAL
campo de control de longitud fija 041111s1921 mx ||||1| spa d
245 00 - MENCIÓN DEL TÍTULO
Título Iconografía de gobernantes de la Nueva España tomada de la colección que se conserva en el salón de cabildos de Palacio municipal de la ciudad de México.
260 ## - PUBLICACIÓN, DISTRIBUCIÓN, ETC.
Lugar de publicación, distribución, etc. México :
Nombre del editor, distribuidor, etc. Eusebio Gómez de la Puente,
Fecha de publicación, distribución, etc. 1921.
300 ## - DESCRIPCIÓN FÍSICA
Extensión 7 h., 62 lám. ;
Dimensiones 36 cm.
852 ## - LOCALIZACIÓN
Ubicación ES-MaACL
Número de control de estantería F-14889
Holdings
Estatus retirado Estado de pérdida Estado de daño No para préstamo Biblioteca de origen Biblioteca actual Ubicación en estantería Fecha de adquisición Fuente de adquisición Total de préstamos Signatura topográfica completa Código de barras Visto por última vez Precio de reemplazo Tipo de ítem Koha
        Biblioteca del Ateneo de Madrid Biblioteca del Ateneo de Madrid Depósito 2 17/01/2008     F-14889 1086381 23/02/2023 23/02/2023 Libro impreso